000
00454nam a2200181Ia 4500
008
100917s9999 xx 000 0 und d
082
_b
28142
100
_a
गुर्जर वसंत द.
245
_a
अरण्य
260
_b
वाचा प्रकाशन
300
_a
80
365
_b
6
520
_a
कविता
630
_a
अरण्य
650
_a
कविता
730
_a
अरण्य
942
_c
BOOK
999
_c
633536
_d
633533